La Colombie pour les touristes... - Statistiques

Statistiques générales
  • Ce quiz a été pris 140 fois
    82 depuis la dernière actualisation
  • Le résultat moyen est 11 sur 20
Statistiques - réponses
Question Indice Réponses % Correct
Quelle est la langue officielle ? Espagnol
95%
Avez-vous besoin d'un visa ? (oui/non) Non
93%
Dans la capitale quel est le décalage horaire avec Paris ? (+ ou - et chiffre) ex - 10 - 7
91%
Le principal aéroport est B Bogota
91%
La conduite se fait à droite ou à gauche ? Droite
87%
Quelle est la monnaie ? Peso colombien | Pesos
81%
Le suffixe internet est co
75%
La vitesse est limitée hors des villes à {80} km/h
65%
Combien d'heures (environ) mettrez-vous pour vous y rendre ? (en chiffres) 14
61%
Comment se nomme la principale compagnie aérienne locale A Avianca
57%
Achats à faire 1/ Alcool Aguardiente
55%
Quel est le climat local ? E Equatorial
55%
La religion majoritaire est Catholicisme
51%
Quelles sont les principaux lieux touristiques ? T Parc {Tayrona}
48%
Achats à faire 2/ Douceur à la Goyave Bocadillo
31%
Achats à faire 4/ Pour le repos Hamac
28%
Quelles sont les principaux lieux touristiques ? G Punta {Gallina}
16%
Achats à faire 5/ Véhicules miniature en Terre cuite
8%
Quelles sont les principaux lieux touristiques ? C Cartagene des Indes
4%
Achats à faire 3/ Céramique de La Chamba
1%
Aucun quiz correspondant
Distribution des résultats
% des personnes avec chaque résultat
Percentile par nombre de réponses
Votre historique - résultats
Vous n’avez pas pris ce quiz depuis la dernière actualisation